LEADER 00878nam a2200217 i 4500 001 000000189723 003 CaOOAMICUS 005 20100517000000.0 008 100517s1933 it u000 u fre u 013 $a168000 040 $aSeMil$bita 100 1 $aLebrun, Charles.$0(OLS)http://semarc/name/69390 245 13$aLa spiritualité de Saint Jean Eudes /$cCharles Lebrun Eudiste. 250 $aDeuxième édition. 260 $aParis :$bLethielleux, libraire-éditeur,$c1933. 300 $aVI, 269 p. ;$c21 cm. 600 14$aEudes, Jean .$0(OLS)http://semarc/subject/9874 850 $aSeMil 852 $aSeMil$W1$xVenegono$y1$m3H III 251$j140354$B140354$CSeMilBibl$Z2$F151970 $81 996 $6245$aLa spiritualité de Saint Jean Eudes$9(OLS)http://semarc/title/273188 996 $6260$aParis :$bLethielleux, libraire-éditeur$9(OLS)http://semarc/publisher/30029 LEADER 00690nas a2200193 i 4500 001 000000235269 003 CaOOAMICUS 005 20141103000000.0 008 141103b2004 it uu u0 0ita r 013 $a214172 040 $aSeMil$bita 245 10$a2004 : 1. 260 $aValmadrera :$bGrafica Colombo,$c2004. 300 $a48 p. :$bill. ;$c30 cm. 773 0 $tBuon curato di Chiuso. - 1960- (Lecco.$d[S.l. : s.n.], 1960$w()30863 850 $aSeMil 852 $aSeMil$W1$xVenegono$y1$m60 6 144/1$j185615$B185615$CSeMilBibl$Z2$F196517 $85 996 $6245$a2004 : 1$9(OLS)http://semarc/title/158231 996 $6260$aValmadrera :$bGrafica Colombo$9(OLS)http://semarc/publisher/53300